Click the South American Country on a Borderless Map - Sudden Death - Statistics

General Stats
  • This quiz has been taken 1,889 times
  • The average score is 8 of 14
Answers on the Map
Answers color-coded by a green-red scale on the quiz's map according to % correct below.
 
Answer Stats
Answer % Correct
Argentina
71%
Brazil
71%
Chile
71%
Peru
62%
Falkland Islands (UK)
61%
Venezuela
61%
Colombia
60%
Uruguay
60%
Ecuador
57%
Bolivia
55%
Paraguay
53%
Guyana
49%
French Guiana
48%
Suriname
47%
No matching quizzes found
Score Distribution
Percent of People with Each Score
Percentile by Number Answered
Your Score History
You have not taken this quiz